000 00614nam a2200181 u 4500
001 000003543
003 DO-SdBNP
005 20210802092530.0
008 090710s1948 sp r 000 0 spa d
040 _aDO-SdBNP
_bspa
_cBNPHU
082 _a017.8
_bJ957c
110 1 _aJunta y Dirección General de Relaciones Culturales
_910962
245 1 0 _aCatálogo de la exposición del libro español contemporáneo en Ciudad Trujillo.
260 _aMadrid :
_bJunta y Dirección General de Relaciones Culturales,
_c1948.
300 _a320 p. ;
_c21 cm.
650 1 4 _aCatálogo de libros
_xEspaña
_910963
942 _2ddc
_cLBS1
999 _c3368
_d3368